000
00297nam a2200145Ia 4500
100
_a
Beiser/Arthur
250
_a
5
942
_c
BK
654
_a
Physics
245
_a
Concepts of Modern Physics
260
_b
Tata Mc Graw hill
_c
1997
082
_a
539
_b
BEI
546
_a
ENGLISH
999
_c
24822
_d
24822